[Event "Winnipeg TNT Aug op"]
[Site "Winnipeg CAN"]
[Date "2007.08.14"]
[Round "2"]
[White "Atem, James"]
[Black "Oberton, Daniel"]
[Result "0-1"]
[WhiteElo "1699"]
[BlackElo "2011"]
[PlyCount "96"]
[GameId "2160767910579879"]
[EventDate "2007.08.07"]
[EventType "swiss"]
[EventRounds "4"]
[EventCountry "CAN"]
[SourceTitle "EXT 2019"]
[Source "ChessBase"]
[SourceDate "2018.10.10"]
[SourceVersion "1"]
[SourceVersionDate "2018.10.10"]
[SourceQuality "1"]

1. e4 c5 2. Nf3 d6 3. Nc3 Nf6 4. d4 cxd4 5. Nxd4 g6 6. Bb5+ Bd7 7. Qe2 Nc6 8. Bxc6 Bxc6 9. Nxc6 bxc6 10. Bg5 Bg7 11. O-O-O Qa5 12. h4 O-O 13. Rd4 Rab8 14. Ra4 Qb6 15. Nd1 Rfe8 16. Be3 c5 17. b3 a5 18. f3 Qc7 19. Nb2 Rb4 20. Bd2 Rxa4 21. Nxa4 Nd7 22. h5 Ne5 23. f4 Nc6 24. hxg6 fxg6 25. c3 e5 26. g3 exf4 27. gxf4 Qe7 28. Re1 Qf6 29. Qb5 Rc8 30. Nb6 Na7 31. Qc4+ Kh8 32. Nxc8 Nxc8 33. e5 dxe5 34. Rxe5 Nd6 35. Qxc5 h5 36. Qxa5 h4 37. c4 Nf7 38. Rd5 h3 39. Rd7 h2 40. Qa8+ Kh7 41. Kc2 Qb2+ 42. Kd3 Qb1+ 43. Ke2 h1=Q 44. Qxh1+ Qxh1 45. Rxf7 Qe4+ 46. Kf2 Kg8 47. Rxg7+ Kxg7 48. Bc3+ Kf7 0-1

[Event "Winnipeg TNT Aug op"]
[Site "Winnipeg CAN"]
[Date "2007.08.14"]
[Round "2"]
[White "Babb, Jeff"]
[Black "Van Wyk, Joseph"]
[Result "1-0"]
[WhiteElo "2167"]
[BlackElo "1933"]
[PlyCount "51"]
[GameId "2160767910579880"]
[EventDate "2007.08.07"]
[EventType "swiss"]
[EventRounds "4"]
[EventCountry "CAN"]
[SourceTitle "EXT 2019"]
[Source "ChessBase"]
[SourceDate "2018.10.10"]
[SourceVersion "1"]
[SourceVersionDate "2018.10.10"]
[SourceQuality "1"]

1. d4 d5 2. Bg5 Bf5 3. c4 c6 4. Nc3 Qb6 5. Qd2 e6 6. c5 Qc7 7. Bf4 Qd8 8. Nf3 Nd7 9. e3 h6 10. h3 Ngf6 11. b4 Ne4 12. Qb2 b5 13. Nxb5 cxb5 14. Bxb5 a6 15. Ba4 Ke7 16. O-O g5 17. Bh2 Bg7 18. Bc6 Ra7 19. Bxd7 Qxd7 20. a4 Rha8 21. Rfc1 Rc8 22. Qb3 Rb7 23. Rab1 g4 24. hxg4 Bxg4 25. Qa3 Bxf3 26. c6 1-0

[Event "Winnipeg TNT Aug op"]
[Site "Winnipeg CAN"]
[Date "2007.08.14"]
[Round "2"]
[White "Evans, Brian"]
[Black "Magnusson, Saul"]
[Result "1-0"]
[WhiteElo "1495"]
[BlackElo "1049"]
[PlyCount "59"]
[GameId "2160767910579881"]
[EventDate "2007.08.07"]
[EventType "swiss"]
[EventRounds "4"]
[EventCountry "CAN"]
[SourceTitle "EXT 2019"]
[Source "ChessBase"]
[SourceDate "2018.10.10"]
[SourceVersion "1"]
[SourceVersionDate "2018.10.10"]
[SourceQuality "1"]

1. e4 e5 2. Nf3 Nc6 3. Bb5 a6 4. Ba4 Nf6 5. O-O Be7 6. Bxc6 dxc6 7. Nxe5 Qd4 8. Nd3 Qxe4 9. Re1 Qg6 10. Ne5 Qf5 11. Qe2 O-O 12. Nxc6 bxc6 13. Qxe7 Be6 14. Qxc7 Ng4 15. Qg3 Bc4 16. d3 Rfe8 17. Rxe8+ Rxe8 18. Bd2 Bd5 19. Nc3 Be6 20. h3 Nf6 21. Re1 h6 22. Ne4 Nh5 23. Qh2 Bxa2 24. g4 Qg6 25. Kf1 Rxe4 26. dxe4 Bc4+ 27. Kg1 Nf6 28. f4 Nxe4 29. f5 Nxd2 30. Qb8+ 1-0

[Event "Winnipeg TNT Aug op"]
[Site "Winnipeg CAN"]
[Date "2007.08.14"]
[Round "2"]
[White "Gibbons, Michael"]
[Black "Zhou, Lu"]
[Result "1-0"]
[WhiteElo "2061"]
[BlackElo "1870"]
[PlyCount "77"]
[GameId "2160767910579882"]
[EventDate "2007.08.07"]
[EventType "swiss"]
[EventRounds "4"]
[EventCountry "CAN"]
[SourceTitle "EXT 2019"]
[Source "ChessBase"]
[SourceDate "2018.10.10"]
[SourceVersion "1"]
[SourceVersionDate "2018.10.10"]
[SourceQuality "1"]

1. Nf3 Nf6 2. b3 c5 3. e3 d5 4. Bb5+ Bd7 5. Qe2 g6 6. Bb2 Bg7 7. O-O O-O 8. Bxd7 Nbxd7 9. d3 Qc7 10. Nbd2 a6 11. a4 Rfe8 12. Rfe1 e5 13. e4 d4 14. a5 b5 15. axb6 Nxb6 16. Ra5 Nbd5 17. Nc4 Nf4 18. Qd2 Nd7 19. g3 Nh5 20. Rea1 Re6 21. Qd1 f6 22. Nfd2 Bf8 23. Qg4 Ng7 24. Qf3 Nh5 25. R5a4 Qb7 26. Bc1 Bh6 27. Na5 Qc7 28. Nac4 Qb7 29. Ra5 Rf8 30. Qg4 Ng7 31. Nd6 Qb4 32. N2c4 Qe1+ 33. Kg2 f5 34. Bxh6 Qxa1 35. Nxf5 Qe1 36. Bxg7 gxf5 37. exf5 h5 38. Qg5 Re7 39. Bf6+ 1-0

[Event "Winnipeg TNT Aug op"]
[Site "Winnipeg CAN"]
[Date "2007.08.14"]
[Round "2"]
[White "Khedkar, Jay S"]
[Black "Liu, Weixi"]
[Result "0-1"]
[WhiteElo "1975"]
[BlackElo "1801"]
[PlyCount "85"]
[GameId "2160767910579883"]
[EventDate "2007.08.07"]
[EventType "swiss"]
[EventRounds "4"]
[EventCountry "CAN"]
[SourceTitle "EXT 2019"]
[Source "ChessBase"]
[SourceDate "2018.10.10"]
[SourceVersion "1"]
[SourceVersionDate "2018.10.10"]
[SourceQuality "1"]

1. e4 e6 2. d4 d5 3. Nd2 a6 4. Bd3 c5 5. Ngf3 Nc6 6. c3 dxe4 7. Nxe4 cxd4 8. cxd4 Be7 9. O-O Nf6 10. Be3 O-O 11. Qe2 b5 12. Rac1 Nb4 13. Nxf6+ Bxf6 14. Be4 Nd5 15. Ne5 Bb7 16. Qh5 g6 17. Qf3 Nxe3 18. fxe3 Bxe4 19. Qxf6 Qxf6 20. Rxf6 Kg7 21. Rff1 f5 22. Rc7+ Kg8 23. g3 Bd5 24. b3 a5 25. Nc6 Kh8 26. Ne7 Be4 27. Rfc1 a4 28. b4 a3 29. Rd7 Rfd8 30. Rxd8+ Rxd8 31. Rc8 Rxc8 32. Nxc8 Kg7 33. Kf2 Kf8 34. Ke1 Bc6 35. Kd2 Ke8 36. Na7 Bd7 37. e4 Kd8 38. d5 Kc7 39. Ke3 Kb7 40. dxe6 Be8 41. Nxb5 Bxb5 42. exf5 gxf5 43. Kf4 0-1

[Event "Winnipeg TNT Aug op"]
[Site "Winnipeg CAN"]
[Date "2007.08.14"]
[Round "2"]
[White "Kong, Dezheng"]
[Black "Tang, Edward"]
[Result "0-1"]
[WhiteElo "1800"]
[BlackElo "2059"]
[PlyCount "82"]
[GameId "2160767910579884"]
[EventDate "2007.08.07"]
[EventType "swiss"]
[EventRounds "4"]
[EventCountry "CAN"]
[SourceTitle "EXT 2019"]
[Source "ChessBase"]
[SourceDate "2018.10.10"]
[SourceVersion "1"]
[SourceVersionDate "2018.10.10"]
[SourceQuality "1"]

1. e4 e5 2. Nf3 Nf6 3. Nc3 Nc6 4. d4 exd4 5. Nxd4 Bb4 6. Nxc6 bxc6 7. Bd3 d5 8. exd5 cxd5 9. O-O O-O 10. Bg5 c6 11. Ne2 Bd6 12. Nd4 Bc7 13. Qf3 Qd6 14. g3 Bg4 15. Qe3 Rfe8 16. Qd2 Ne4 17. Bxe4 Rxe4 18. f3 Rxd4 19. Qxd4 Bb6 20. Qxb6 axb6 21. fxg4 Qc5+ 22. Kh1 d4 23. Rf5 Qxc2 24. Raf1 f6 25. Bc1 Rxa2 26. R5f2 Qe4+ 27. Kg1 Ra1 28. g5 Qe7 29. Rc2 Qe4 30. Rcf2 Qe7 31. Rc2 c5 32. gxf6 gxf6 33. b4 d3 34. Rcf2 c4 35. Rf3 Rxc1 36. Rxc1 d2 37. Rd1 Qe1+ 38. Rf1 Qxd1 39. Rxd1 c3 40. Kf2 c2 41. Ke2 c1=Q 0-1

[Event "Winnipeg TNT Aug op"]
[Site "Winnipeg CAN"]
[Date "2007.08.14"]
[Round "2"]
[White "Lauritson, Jim"]
[Black "Raihman, Igal"]
[Result "1-0"]
[WhiteElo "1934"]
[BlackElo "1971"]
[PlyCount "71"]
[GameId "2160767910579885"]
[EventDate "2007.08.07"]
[EventType "swiss"]
[EventRounds "4"]
[EventCountry "CAN"]
[SourceTitle "EXT 2019"]
[Source "ChessBase"]
[SourceDate "2018.10.10"]
[SourceVersion "1"]
[SourceVersionDate "2018.10.10"]
[SourceQuality "1"]

1. d4 Nf6 2. c4 e6 3. Nf3 c5 4. d5 b5 5. cxb5 exd5 6. e3 Bb7 7. Nc3 Bd6 8. Be2 Bc7 9. O-O a6 10. b3 Qe7 11. Bb2 Qd6 12. g3 h5 13. h4 Ng4 14. Qd2 Rh6 15. Rad1 Nf6 16. Ng5 Qe7 17. Bf3 axb5 18. Nxb5 Ba5 19. Bc3 Bxc3 20. Nxc3 Ne4 21. Bxe4 dxe4 22. Nb5 d5 23. Nc3 Rd6 24. Ngxe4 Rd8 25. Ng5 Qd7 26. Qc2 Qc6 27. Qh7 Qf6 28. Nce4 Qe7 29. Qg8+ Kd7 30. Qxf7 Qxf7 31. Nxf7 Rf8 32. Nxc5+ Kc6 33. Nxb7 Kxb7 34. Ng5 Rf5 35. a4 Nd7 36. e4 1-0

[Event "Winnipeg TNT Aug op"]
[Site "Winnipeg CAN"]
[Date "2007.08.14"]
[Round "2"]
[White "Martens, Peter"]
[Black "Raihman, Daniel"]
[Result "0-1"]
[WhiteElo "1189"]
[BlackElo "1780"]
[PlyCount "56"]
[GameId "2160767910579887"]
[EventDate "2007.08.07"]
[EventType "swiss"]
[EventRounds "4"]
[EventCountry "CAN"]
[SourceTitle "EXT 2019"]
[Source "ChessBase"]
[SourceDate "2018.10.10"]
[SourceVersion "1"]
[SourceVersionDate "2018.10.10"]
[SourceQuality "1"]

1. e4 c5 2. Nc3 Nc6 3. Nf3 g6 4. Bc4 Bg7 5. O-O Nf6 6. d3 d6 7. Ng5 O-O 8. Re1 Ne5 9. Bf4 Nxc4 10. dxc4 Ng4 11. Nd5 Bxb2 12. Rb1 Bd4 13. Be3 Be5 14. h3 Nxe3 15. Rxe3 e6 16. h4 exd5 17. Qxd5 Bd4 18. Rf3 Qe7 19. c3 Be5 20. g3 h6 21. Nh3 Be6 22. Qd2 Bxh3 23. Qxh6 Bg7 24. Qg5 Qxe4 25. Qf4 Qxb1+ 26. Kh2 Qf1 27. Qxf7+ Rxf7 28. Rxf7 Qg2# 0-1

[Event "Winnipeg TNT Aug op"]
[Site "Winnipeg CAN"]
[Date "2007.08.14"]
[Round "2"]
[White "Pottinger, Carl"]
[Black "Lange, John"]
[Result "1-0"]
[WhiteElo "1856"]
[BlackElo "1379"]
[PlyCount "57"]
[GameId "2160767910579888"]
[EventDate "2007.08.07"]
[EventType "swiss"]
[EventRounds "4"]
[EventCountry "CAN"]
[SourceTitle "EXT 2019"]
[Source "ChessBase"]
[SourceDate "2018.10.10"]
[SourceVersion "1"]
[SourceVersionDate "2018.10.10"]
[SourceQuality "1"]

1. c4 e6 2. g3 d5 3. Bg2 Nf6 4. Nf3 Bd6 5. O-O O-O 6. cxd5 Nxd5 7. Nc3 Nd7 8. d4 c5 9. Nxd5 exd5 10. dxc5 Nxc5 11. Qxd5 Be6 12. Qd4 Qc7 13. Be3 Qe7 14. b4 Na6 15. a3 b5 16. Ng5 Rac8 17. Nxe6 Qxe6 18. Qxa7 Be5 19. Rac1 Bb2 20. Rxc8 Rxc8 21. Bb7 Qe7 22. Qxa6 Rb8 23. Bc6 Qe6 24. Bxb5 Qxa6 25. Bxa6 Be5 26. b5 Kf8 27. b6 Bd6 28. b7 Ke7 29. Rc1 1-0

[Event "Winnipeg TNT Aug op"]
[Site "Winnipeg CAN"]
[Date "2007.08.14"]
[Round "2"]
[White "Rutter, Blair"]
[Black "Nikouline, Alexandre"]
[Result "1-0"]
[WhiteElo "1877"]
[BlackElo "2118"]
[PlyCount "61"]
[GameId "2160767910579889"]
[EventDate "2007.08.07"]
[EventType "swiss"]
[EventRounds "4"]
[EventCountry "CAN"]
[SourceTitle "EXT 2019"]
[Source "ChessBase"]
[SourceDate "2018.10.10"]
[SourceVersion "1"]
[SourceVersionDate "2018.10.10"]
[SourceQuality "1"]

1. c4 e5 2. g3 c6 3. Nc3 Nf6 4. e4 Bc5 5. Bg2 d6 6. Nge2 a5 7. O-O O-O 8. h3 Be6 9. d3 h6 10. Kh2 Nh7 11. f4 f5 12. b3 fxe4 13. Nxe4 Nd7 14. d4 Bxd4 15. Nxd4 exd4 16. Nxd6 Qb6 17. Re1 Rf6 18. Bb2 c5 19. Nxb7 Bxc4 20. Nxc5 Rd8 21. Bxd4 Nxc5 22. bxc4 Rfd6 23. Bd5+ Rxd5 24. cxd5 Rxd5 25. Re5 Nf6 26. Rxd5 Nxd5 27. Qc2 Nb4 28. Qxc5 Qe6 29. Qe5 Qf7 30. Qxa5 Nc2 31. Qa8+ 1-0

[Event "Winnipeg TNT Aug op"]
[Site "Winnipeg CAN"]
[Date "2007.08.14"]
[Round "2"]
[White "Schulz, Waldemar"]
[Black "Letain, Cory"]
[Result "1-0"]
[WhiteElo "2052"]
[BlackElo "1350"]
[PlyCount "93"]
[GameId "2160767910579890"]
[EventDate "2007.08.07"]
[EventType "swiss"]
[EventRounds "4"]
[EventCountry "CAN"]
[SourceTitle "EXT 2019"]
[Source "ChessBase"]
[SourceDate "2018.10.10"]
[SourceVersion "1"]
[SourceVersionDate "2018.10.10"]
[SourceQuality "1"]

1. d4 d5 2. c4 c6 3. Nf3 Nf6 4. Nc3 dxc4 5. a4 Bf5 6. e3 e6 7. Bxc4 Bb4 8. O-O O-O 9. Qb3 Qe7 10. Bd2 a5 11. Ne2 Nbd7 12. Bxb4 Qxb4 13. Ng3 Bg4 14. Ng5 Qxb3 15. Bxb3 h6 16. N5e4 Nxe4 17. Nxe4 Be2 18. Rfe1 Ba6 19. Rac1 Nb6 20. Rc5 Bd3 21. Nd6 Nd7 22. Rc3 Ba6 23. Ne4 Nb6 24. Nc5 Nd5 25. Rcc1 Nb4 26. Red1 Rfd8 27. h3 b6 28. Ne4 Nd3 29. Rc2 Nb4 30. Rc3 e5 31. dxe5 Rxd1+ 32. Bxd1 Rd8 33. Bb3 Rd3 34. Nd6 Rxc3 35. Bxf7+ Kf8 36. bxc3 Nd3 37. Bc4 Bxc4 38. Nxc4 b5 39. axb5 cxb5 40. Nxa5 Nxe5 41. Nb3 Nc4 42. Nd4 Nd6 43. Kf1 Ke7 44. Ke2 Kf6 45. Kd3 Ke5 46. f4+ Kd5 47. Nxb5 1-0

[Event "Winnipeg TNT Aug op"]
[Site "Winnipeg CAN"]
[Date "2007.08.14"]
[Round "2"]
[White "Wood, Nathaniel"]
[Black "Kwiatek, Jordan"]
[Result "0-1"]
[WhiteElo "1632"]
[BlackElo "1858"]
[PlyCount "96"]
[GameId "2160767910579891"]
[EventDate "2007.08.07"]
[EventType "swiss"]
[EventRounds "4"]
[EventCountry "CAN"]
[SourceTitle "EXT 2019"]
[Source "ChessBase"]
[SourceDate "2018.10.10"]
[SourceVersion "1"]
[SourceVersionDate "2018.10.10"]
[SourceQuality "1"]

1. Nf3 d5 2. g3 c6 3. d3 Nf6 4. Nbd2 Bf5 5. Nh4 Bg6 6. Bg2 e5 7. O-O Bc5 8. c3 Nbd7 9. Nb3 Bb6 10. a4 a5 11. h3 Bh5 12. Qe1 Qc7 13. Nf5 O-O-O 14. e4 Bg6 15. Ne7+ Kb8 16. exd5 cxd5 17. Nxg6 hxg6 18. d4 Rde8 19. Qd1 Ne4 20. Nd2 Nxg3 21. fxg3 exd4 22. Nf3 dxc3+ 23. Kh2 c2 24. Qxd5 Nf6 25. Qg5 Nh5 26. Ra3 Re2 27. Rc3 Qd7 28. Ne5 Qd1 29. Rcf3 Re8 30. Rxf7 Rxg2+ 31. Kxg2 Qe2+ 32. Kh1 Rxe5 33. Qxg6 Re6 34. Qg5 Nf6 35. Qf4+ Ka8 36. Rxg7 Nh5 37. Rg8+ Ka7 38. Qb8+ Ka6 39. Rgf8 Re8 40. Qd6 Rd8 41. R8f2 Rxd6 42. Rxe2 Nxg3+ 43. Kg2 Nxe2 44. Kf3 Nxc1 45. Rxc1 Rd2 46. h4 Bd4 47. h5 Bxb2 48. h6 Bxc1 0-1

[Event "Winnipeg TNT Aug op"]
[Site "Winnipeg CAN"]
[Date "2007.08.21"]
[Round "3"]
[White "Kwiatek, Jordan"]
[Black "Khedkar, Jay S"]
[Result "1-0"]
[WhiteElo "1858"]
[BlackElo "1975"]
[PlyCount "61"]
[GameId "2160767910579893"]
[EventDate "2007.08.07"]
[EventType "swiss"]
[EventRounds "4"]
[EventCountry "CAN"]
[SourceTitle "EXT 2019"]
[Source "ChessBase"]
[SourceDate "2018.10.10"]
[SourceVersion "1"]
[SourceVersionDate "2018.10.10"]
[SourceQuality "1"]

1. d4 d5 2. c4 e6 3. Nc3 Nf6 4. Nf3 c6 5. e3 Nbd7 6. b3 Bb4 7. Bd2 O-O 8. Bd3 Re8 9. Ne5 dxc4 10. Nxc4 e5 11. a3 Bf8 12. dxe5 Nxe5 13. Nxe5 Rxe5 14. Qc2 g6 15. f4 Re8 16. O-O Ng4 17. Rae1 Bxa3 18. Ne4 Be7 19. h3 Nf6 20. Ng5 Nd5 21. Nxh7 Kxh7 22. f5 f6 23. e4 Qb6+ 24. Kh1 Nb4 25. Qc4 Rf8 26. fxg6+ Kg7 27. e5 Nd5 28. Bh6+ Kg8 29. Bxf8 Qb4 30. Bxe7 Qxe7 31. exf6 1-0

[Event "Winnipeg TNT Aug op"]
[Site "Winnipeg CAN"]
[Date "2007.08.21"]
[Round "3"]
[White "Lange, John"]
[Black "Atem, James"]
[Result "0-1"]
[WhiteElo "1379"]
[BlackElo "1699"]
[PlyCount "148"]
[GameId "2160767910579894"]
[EventDate "2007.08.07"]
[EventType "swiss"]
[EventRounds "4"]
[EventCountry "CAN"]
[SourceTitle "EXT 2019"]
[Source "ChessBase"]
[SourceDate "2018.10.10"]
[SourceVersion "1"]
[SourceVersionDate "2018.10.10"]
[SourceQuality "1"]

1. d4 d5 2. c4 Nf6 3. Nc3 dxc4 4. e3 e6 5. Bxc4 Bb4 6. Qa4+ Nc6 7. Qc2 O-O 8. Nge2 e5 9. a3 Be7 10. d5 Nb8 11. O-O a6 12. Rd1 g6 13. e4 Bc5 14. b4 Ba7 15. Bg5 Bxf2+ 16. Kh1 Qd6 17. Rf1 Ng4 18. Nd1 Bd4 19. Nxd4 exd4 20. g3 Nd7 21. Bf4 Qb6 22. Bd3 Nge5 23. Nf2 c6 24. dxc6 bxc6 25. Rac1 Bb7 26. Qe2 Rfe8 27. Ng4 Nxd3 28. Qxd3 c5 29. bxc5 Nxc5 30. Qxd4 Bxe4+ 31. Kg1 Nd7 32. Qxb6 Nxb6 33. Nf6+ Kg7 34. Nxe8+ Rxe8 35. Rfe1 Nd5 36. Bd2 f5 37. Rc4 Rb8 38. g4 Rb3 39. Ra4 Rd3 40. Bc1 Nc7 41. g5 Rb3 42. Re2 Rb1 43. Rc4 Nd5 44. Kf2 Bd3 45. Bb2+ Rxb2 46. Rxb2 Bxc4 47. Rb7+ Kg8 48. Rb8+ Kf7 49. Rb7+ Ne7 50. Ke3 Ke6 51. Kd4 Bb5 52. Rb6+ Nc6+ 53. Ke3 Ke5 54. Rb7 f4+ 55. Kf3 Nd4+ 56. Kf2 Kf5 57. Rxh7 Kxg5 58. Rg7 Kf6 59. Rg8 g5 60. Rd8 Ke5 61. Rg8 Ne6 62. Kf3 Kf5 63. h3 Bc6+ 64. Kf2 Nc5 65. Rf8+ Ke5 66. Rg8 Ne4+ 67. Kf1 f3 68. Rf8 Bb5+ 69. Ke1 f2+ 70. Rxf2 Nxf2 71. Kxf2 Kf4 72. Kg2 Bc6+ 73. Kf2 a5 74. Kg1 Kg3 0-1

[Event "Winnipeg TNT Aug op"]
[Site "Winnipeg CAN"]
[Date "2007.08.21"]
[Round "3"]
[White "Lauritson, Jim"]
[Black "Babb, Jeff"]
[Result "0-1"]
[WhiteElo "1934"]
[BlackElo "2167"]
[PlyCount "118"]
[GameId "2160767910579895"]
[EventDate "2007.08.07"]
[EventType "swiss"]
[EventRounds "4"]
[EventCountry "CAN"]
[SourceTitle "EXT 2019"]
[Source "ChessBase"]
[SourceDate "2018.10.10"]
[SourceVersion "1"]
[SourceVersionDate "2018.10.10"]
[SourceQuality "1"]

1. d4 Nf6 2. c4 e6 3. Nf3 b6 4. a3 Ba6 5. e3 c5 6. Nc3 Qc8 7. d5 exd5 8. Nxd5 Nxd5 9. Qxd5 Qc6 10. e4 Qxd5 11. exd5 d6 12. Bf4 Nd7 13. O-O-O f6 14. Bd3 O-O-O 15. b4 Kc7 16. b5 Bc8 17. a4 Ne5 18. Nxe5 dxe5 19. Bd2 Bd6 20. a5 Rde8 21. axb6+ axb6 22. f3 g6 23. h4 Bf5 24. Bxf5 gxf5 25. Bc3 Rhg8 26. Rhg1 f4 27. Kb2 Re7 28. Rd2 Kb7 29. Kb3 Reg7 30. Ra2 Rg3 31. Rga1 Bb8 32. d6 Rd8 33. Rd1 Rg7 34. Rad2 Rgd7 35. Kc2 Rxd6 36. Rxd6 Rxd6 37. Rg1 Rd7 38. g4 fxg3 39. Rxg3 e4 40. Rh3 f5 41. fxe4 fxe4 42. Bf6 Bf4 43. Bg5 Rd2+ 44. Kc3 Ra2 45. Kb3 Rf2 46. Bxf4 Rxf4 47. Kc3 Rf3+ 48. Rxf3 exf3 49. Kd3 Kc7 50. Ke3 Kd6 51. Kxf3 Ke5 52. Ke3 h5 53. Kf3 Kd4 54. Kf4 Kxc4 55. Kg5 Kxb5 56. Kxh5 c4 57. Kg6 c3 58. h5 c2 59. h6 c1=Q 0-1

[Event "Winnipeg TNT Aug op"]
[Site "Winnipeg CAN"]
[Date "2007.08.21"]
[Round "3"]
[White "Liu, Weixi"]
[Black "Pottinger, Carl"]
[Result "0-1"]
[WhiteElo "1801"]
[BlackElo "1856"]
[PlyCount "74"]
[GameId "2160767910579896"]
[EventDate "2007.08.07"]
[EventType "swiss"]
[EventRounds "4"]
[EventCountry "CAN"]
[SourceTitle "EXT 2019"]
[Source "ChessBase"]
[SourceDate "2018.10.10"]
[SourceVersion "1"]
[SourceVersionDate "2018.10.10"]
[SourceQuality "1"]

1. d4 Nf6 2. c4 e6 3. Nf3 d5 4. cxd5 exd5 5. Bg5 Be7 6. Nc3 O-O 7. e3 c6 8. Qc2 Bg4 9. Bd3 Nbd7 10. h3 Bh5 11. Ne5 Bg6 12. Nxg6 fxg6 13. O-O Ne8 14. Bxe7 Qxe7 15. Rab1 Nd6 16. b4 b5 17. Ne2 Nc4 18. Qd1 Nxe3 19. fxe3 Qxe3+ 20. Kh1 Rxf1+ 21. Qxf1 Qxd3 22. Rb3 Qe4 23. Rc3 Rf8 24. Rf3 Rxf3 25. Qxf3 Qxf3 26. gxf3 Kf7 27. Kg2 Nb6 28. Nc3 Nc4 29. Nd1 Na3 30. Ne3 Nc4 31. Nc2 Ke6 32. Kg3 Kf5 33. f4 Ke4 34. Kg4 Ne3+ 35. Nxe3 Kxe3 36. f5 gxf5+ 37. Kxf5 Kxd4 0-1

[Event "Winnipeg TNT Aug op"]
[Site "Winnipeg CAN"]
[Date "2007.08.21"]
[Round "3"]
[White "Magnusson, Saul"]
[Black "Martens, Peter"]
[Result "1-0"]
[WhiteElo "1049"]
[BlackElo "1189"]
[PlyCount "77"]
[GameId "2160767910579897"]
[EventDate "2007.08.07"]
[EventType "swiss"]
[EventRounds "4"]
[EventCountry "CAN"]
[SourceTitle "EXT 2019"]
[Source "ChessBase"]
[SourceDate "2018.10.10"]
[SourceVersion "1"]
[SourceVersionDate "2018.10.10"]
[SourceQuality "1"]

1. e4 e5 2. Nf3 Nf6 3. Bb5 Nc6 4. O-O Bc5 5. h3 O-O 6. Re1 a6 7. Bxc6 dxc6 8. Nxe5 Re8 9. Nd3 Bb6 10. Nc3 Qd4 11. Qf3 c5 12. b3 Bd7 13. Bb2 Bc6 14. Nd5 Qxb2 15. Nxb2 Bxd5 16. exd5 Red8 17. c4 Ba5 18. Re2 h6 19. Rae1 Rab8 20. Nd3 b6 21. a3 Kf8 22. b4 cxb4 23. axb4 Bxb4 24. Nxb4 Re8 25. Nxa6 Rxe2 26. Rxe2 Re8 27. Rxe8+ Nxe8 28. Qg3 Nf6 29. Qxc7 Kg8 30. d6 Ne4 31. Qc8+ Kh7 32. Qf5+ g6 33. Qxe4 h5 34. d7 f5 35. Qf4 Kg7 36. d8=Q Kf7 37. Qh6 Ke6 38. Qe3+ Kf7 39. Qee7# 1-0

[Event "Winnipeg TNT Aug op"]
[Site "Winnipeg CAN"]
[Date "2007.08.21"]
[Round "3"]
[White "Nikouline, Alexandre"]
[Black "Evans, Brian"]
[Result "1-0"]
[WhiteElo "2118"]
[BlackElo "1495"]
[PlyCount "77"]
[GameId "2160767910579898"]
[EventDate "2007.08.07"]
[EventType "swiss"]
[EventRounds "4"]
[EventCountry "CAN"]
[SourceTitle "EXT 2019"]
[Source "ChessBase"]
[SourceDate "2018.10.10"]
[SourceVersion "1"]
[SourceVersionDate "2018.10.10"]
[SourceQuality "1"]

1. e4 c5 2. Nf3 d6 3. d4 cxd4 4. Nxd4 Nf6 5. Nc3 e6 6. Be3 a6 7. Be2 Be7 8. f4 Qc7 9. O-O O-O 10. Bf3 Nc6 11. Nb3 b5 12. g4 Bb7 13. Qe1 b4 14. Na4 a5 15. Nb6 Rab8 16. g5 Nd7 17. Nxd7 Qxd7 18. Rd1 Qc7 19. Qf2 Ba6 20. Rfe1 a4 21. Nd4 Nxd4 22. Rxd4 f6 23. Red1 e5 24. fxe5 fxe5 25. R4d2 Rf7 26. Qg2 Rbf8 27. Bh5 Rf1+ 28. Rxf1 Rxf1+ 29. Qxf1 Bxf1 30. Kxf1 Qc4+ 31. Be2 Qxe4 32. Rd3 d5 33. b3 d4 34. Bf2 Qh1+ 35. Bg1 axb3 36. axb3 Bxg5 37. Bf3 e4 38. Bxh1 exd3 39. cxd3 1-0

[Event "Winnipeg TNT Aug op"]
[Site "Winnipeg CAN"]
[Date "2007.08.21"]
[Round "3"]
[White "Raihman, Igal"]
[Black "Huynh, Peter"]
[Result "1-0"]
[WhiteElo "1971"]
[BlackElo "1516"]
[PlyCount "57"]
[GameId "2160767910579899"]
[EventDate "2007.08.07"]
[EventType "swiss"]
[EventRounds "4"]
[EventCountry "CAN"]
[SourceTitle "EXT 2019"]
[Source "ChessBase"]
[SourceDate "2018.10.10"]
[SourceVersion "1"]
[SourceVersionDate "2018.10.10"]
[SourceQuality "1"]

1. e4 c5 2. Nf3 Nc6 3. d4 cxd4 4. Nxd4 g6 5. Nc3 Bg7 6. Be3 Nf6 7. f3 O-O 8. Qd2 d5 9. Nxc6 bxc6 10. exd5 cxd5 11. O-O-O e6 12. h4 Nh5 13. Ne2 Ba6 14. Rh3 Rb8 15. Nd4 Bxf1 16. Rxf1 Qb6 17. Nb3 Qb5 18. Rg1 d4 19. Bg5 Rfc8 20. g4 d3 21. c3 Qa6 22. Kb1 Nf6 23. Bxf6 Bxf6 24. h5 Rb7 25. f4 Rbc7 26. Rxd3 Qb6 27. Rd1 a5 28. h6 a4 29. Rd8+ 1-0

[Event "Winnipeg TNT Aug op"]
[Site "Winnipeg CAN"]
[Date "2007.08.21"]
[Round "3"]
[White "Rutter, Blair"]
[Black "Gibbons, Michael"]
[Result "1-0"]
[WhiteElo "1877"]
[BlackElo "2061"]
[PlyCount "57"]
[GameId "2160767910579900"]
[EventDate "2007.08.07"]
[EventType "swiss"]
[EventRounds "4"]
[EventCountry "CAN"]
[SourceTitle "EXT 2019"]
[Source "ChessBase"]
[SourceDate "2018.10.10"]
[SourceVersion "1"]
[SourceVersionDate "2018.10.10"]
[SourceQuality "1"]

1. c4 e6 2. e4 d5 3. Nc3 d4 4. Nce2 Nc6 5. d3 e5 6. f4 Bg4 7. fxe5 Nxe5 8. Qb3 Bb4+ 9. Kd1 Qf6 10. Nh3 Bxh3 11. gxh3 Qf3 12. Rg1 Nxd3 13. Kc2 Ne1+ 14. Kd1 c5 15. Qxf3 Nxf3 16. Rxg7 Ne7 17. Bg2 Ne5 18. a3 Ba5 19. b3 N5g6 20. Bh6 Ng8 21. Bf4 Kf8 22. Rxg6 hxg6 23. Bd6+ Ke8 24. Bxc5 Rd8 25. Bxa7 Bc3 26. Ra2 Rh5 27. Nf4 Rg5 28. Nd5 Ne7 29. Nf6+ 1-0

[Event "Winnipeg TNT Aug op"]
[Site "Winnipeg CAN"]
[Date "2007.08.21"]
[Round "3"]
[White "Tang, Edward"]
[Black "Oberton, Daniel"]
[Result "1-0"]
[WhiteElo "2059"]
[BlackElo "2011"]
[PlyCount "73"]
[GameId "2160767910579901"]
[EventDate "2007.08.07"]
[EventType "swiss"]
[EventRounds "4"]
[EventCountry "CAN"]
[SourceTitle "EXT 2019"]
[Source "ChessBase"]
[SourceDate "2018.10.10"]
[SourceVersion "1"]
[SourceVersionDate "2018.10.10"]
[SourceQuality "1"]

1. d4 Nf6 2. c4 g6 3. Nc3 Bg7 4. e4 d6 5. Nf3 O-O 6. Be2 Nbd7 7. O-O e5 8. Re1 exd4 9. Nxd4 Re8 10. f3 Nc5 11. Be3 Bd7 12. Rc1 Ne6 13. Qd2 Qe7 14. Bf1 Rad8 15. Nb3 Bc8 16. Qf2 b6 17. Nd5 Qd7 18. Qh4 Nxd5 19. cxd5 Nc5 20. Nd4 Bb7 21. Bb5 Qe7 22. Qxe7 Rxe7 23. b4 a6 24. Bc6 Bxd4 25. Bxd4 Nd3 26. Bxb7 Rb8 27. Bxa6 Nxe1 28. Rxe1 Ra8 29. Bf6 Ree8 30. Bb5 Rec8 31. a4 Kf8 32. Rc1 Ra7 33. g4 h5 34. gxh5 gxh5 35. Kf2 Kg8 36. Rg1+ Kh7 37. e5 1-0